000 00727nam a22002417a 4500
005 20250227102950.0
008 220824b ||||| |||| 00| 0 eng d
020 _a9789392116223
040 _cAL
041 _aEnglish
082 _223
_a894.8
_bBHAM
100 _aPadekallu Vishnu Bhatta
_9202771
245 _aMuddana: A Jewl among Kannada Poets
260 _aMangaluru
_bAakrithi Aashaya Publications
_c2021
300 _a158 p.
_bPB
_c21.4x14 cm.
365 _b₹150.00
_c
_d₹150.00
650 _aKannada poets
_955256
650 _a PADEKALLU VISHNUBHATTA
_9202772
650 _aMuddana
_955257
700 _aBHATTA (Padekallu Vishnu)
_955258
700 _aBHAT (N Thirumaleshwara)
_955259
942 _2ddc
_cDB
999 _c224466
_d224466